Financial Management of Government (Record no. 224307)
[ view plain ]
| 000 -LEADER | |
|---|---|
| fixed length control field | 00572nam a22002057a 4500 |
| 005 - DATE AND TIME OF LATEST TRANSACTION | |
| control field | 20220729163254.0 |
| 008 - FIXED-LENGTH DATA ELEMENTS--GENERAL INFORMATION | |
| fixed length control field | 220729b ||||| |||| 00| 0 eng d |
| 040 ## - CATALOGING SOURCE | |
| Transcribing agency | AL |
| 041 ## - LANGUAGE CODE | |
| Language code of text/sound track or separate title | English |
| 082 ## - DEWEY DECIMAL CLASSIFICATION NUMBER | |
| Edition number | 23 |
| Classification number | 350.72 |
| Item number | THAF |
| 100 ## - MAIN ENTRY--PERSONAL NAME | |
| Personal name | M J K Thavaraj |
| 100 ## - MAIN ENTRY--PERSONAL NAME | |
| 9 (RLIN) | 54080 |
| 245 ## - TITLE STATEMENT | |
| Title | Financial Management of Government |
| 260 ## - PUBLICATION, DISTRIBUTION, ETC. | |
| Place of publication, distribution, etc. | New Delhi |
| Name of publisher, distributor, etc. | Sultan Chand and sons |
| 300 ## - PHYSICAL DESCRIPTION | |
| Extent | xvi,928 p. |
| Other physical details | HB |
| Dimensions | 22x14.2 cm. |
| 365 ## - TRADE PRICE | |
| Price amount | ₹100.00 |
| Currency code | ₹ |
| Unit of pricing | ₹100.00 |
| 650 ## - SUBJECT ADDED ENTRY--TOPICAL TERM | |
| Topical term or geographic name entry element | India |
| 9 (RLIN) | 54081 |
| 650 ## - SUBJECT ADDED ENTRY--TOPICAL TERM | |
| Topical term or geographic name entry element | Finance, Public |
| 9 (RLIN) | 54082 |
| 700 ## - ADDED ENTRY--PERSONAL NAME | |
| Personal name | THAVARAJ (M J K) |
| 9 (RLIN) | 54083 |
| 942 ## - ADDED ENTRY ELEMENTS (KOHA) | |
| Source of classification or shelving scheme | Dewey Decimal Classification |
| Koha item type | George Fernandes Collections |
| Withdrawn status | Lost status | Source of classification or shelving scheme | Damaged status | Not for loan | Collection code | Home library | Current library | Date acquired | Total Checkouts | Full call number | Barcode | Date last seen | Price effective from | Koha item type |
|---|---|---|---|---|---|---|---|---|---|---|---|---|---|---|
| Dewey Decimal Classification | Commerce | St Aloysius Library | St Aloysius Library | 03/23/2013 | 350.72 THAF | GF01750 | 07/29/2022 | 07/29/2022 | George Fernandes Collections |